000 00365nam a22001457a 4500
020 _a02-5000-220908
082 _a894.812.3
_bPET/U
100 _aPETER ,LIN & PETER THERESA
245 _aUNNIKKATHAKALUM KAVITHAKALUM
250 _a2
260 _aTHRISSUR
_bH&C PUBLISHING HOUSE
_c2008
300 _a96
650 _aMALAYALAM KATHAKAL & POEMS
_zKERALA
942 _cBK
999 _c1199
_d1199